<?xml version="1.0" encoding="UTF-8"?>
<collection xmlns="http://www.loc.gov/MARC21/slim">
  <record>
    <leader>00000nam  2200000   4500</leader>
    <controlfield tag="001">INLIS000000000020352</controlfield>
    <controlfield tag="005">20250616095126</controlfield>
    <datafield tag="035" ind1="#" ind2="#">
      <subfield code="a">0010-0625000094</subfield>
    </datafield>
    <controlfield tag="007">ta</controlfield>
    <controlfield tag="008">250616################g##########0#ind##</controlfield>
    <datafield tag="020" ind1="#" ind2="#">
      <subfield code="a">979 416 639 1</subfield>
    </datafield>
    <datafield tag="082" ind1="#" ind2="#">
      <subfield code="a">384</subfield>
    </datafield>
    <datafield tag="084" ind1="#" ind2="#">
      <subfield code="a">384 MIS t</subfield>
    </datafield>
    <datafield tag="100" ind1=" " ind2="#">
      <subfield code="a">Misdiyono, Legiman</subfield>
    </datafield>
    <datafield tag="245" ind1="1" ind2="#">
      <subfield code="a">Telkom di Tengah Era Reformasi /</subfield>
      <subfield code="c">Legiman Misdiyono, Budi Waskito, Tommy Pardede</subfield>
    </datafield>
    <datafield tag="250" ind1="#" ind2="#">
      <subfield code="a">Cetakan ke 1</subfield>
    </datafield>
    <datafield tag="260" ind1="#" ind2="#">
      <subfield code="a">Jakarta :</subfield>
      <subfield code="b">Pustaka Sinar Harapan,</subfield>
      <subfield code="c">2000</subfield>
    </datafield>
    <datafield tag="300" ind1="#" ind2="#">
      <subfield code="a">218 halaman :</subfield>
      <subfield code="b">ilus ;</subfield>
      <subfield code="c">21 cm</subfield>
    </datafield>
    <datafield tag="650" ind1="#" ind2="4">
      <subfield code="a">Komunikasi Telekomunikasi</subfield>
    </datafield>
    <datafield tag="700" ind1=" " ind2="#">
      <subfield code="a">Budi Waskito, Tommy Pardede</subfield>
    </datafield>
    <datafield tag="520" ind1="#" ind2="#">
      <subfield code="a">Dalam era globalisasi dunia saat ini, kemajuan industri telekomunikasi semakin pesat. Hal ini ditandai dengan semakin canggihnya jaringan telekomunikasi yang menghubungkan antara negara yang satu dengan negara yang lainnya. Untuk mengantisipasi perkembangan yang semakin pesat ini, PT. Telekomunikasi Indonesia (Telkom) sebagai perusahaan publik segera mengambil langkah-langkah yang strategis dalam upayanya menghadapi ketatnya persaingan bisnis jasa telekomunikasi, antara lain dengan melaksanakan suatu repositioning sehubungan dengan diberlakukannya UU Telekomunikasi yang baru.&#13;
&#13;
Dalam hal ini muncul pertanyaan: Seberapa jauh persiapan-persiapan yang dilakukan Telkom seiring dengan diberlakukannya UU Telekomunikasi No. 36 Tahun 1999? Bagaimana kiat dan strategi yang ditempuh Telkom dalam meningkatkan kinerja bisnisnya? Bagaimana pandangan para analisis dalam mengkaji kinerja Telkom selama ini? Tentunya pertanyaan-pertanyaan di atas sangat menarik untuk dicermati.&#13;
&#13;
Buku ini diharapkan dapat memberikan suatu wawasan pemahaman yang menarik bagi pembaca.</subfield>
    </datafield>
    <datafield tag="990" ind1="#" ind2="#">
      <subfield code="a">02085759</subfield>
    </datafield>
    <datafield tag="990" ind1="#" ind2="#">
      <subfield code="a">02085760</subfield>
    </datafield>
  </record>
</collection>
